• 首页
  • 本馆介绍
  • 公告通知
  • 最新文献
  • 馆藏检索
  • 电子资源
  • 读者导购
  • 参考咨询
  • 我的图书馆
  • 登录
  • 详细信息显示
  • 放入我的书架
  • 预约/预借图书
  • 作者相关作品
  • 分类相关作品
  • 丛书相关作品
  • 出版社相关作品

书目信息

  • 表格格式
  • 工作单格式
  • 卡片格式
题名:
有机硅物化参数与设计数据
    
 
作者: 廖洪流 , 章基凯 , 欧阳建松 编
分册:  
出版信息: 北京   化学工业出版社  2010.11
页数: 544页
开本: 14×21cm
丛书名:
单 册:
中图分类: O627.41
科图分类:
主题词: 有机硅化合物--物理化学性质--参数 , 有机硅化合物--物理化学性质--数据 , 有机硅化合物 , 物理化学性质 , 参数 , 数据
电子资源:
ISBN: 978-7-122-08643-3
000 01102nam0 2200313 450
001 010010080557
005 20140611153027.34
010    @a978-7-122-08643-3@dCNY69.00
100    @a20101029d2010 em y0chiy0110 ea
101 0  @achi
102    @aCN@b110000
105    @aak z 000yy
106    @ar
200 1  @a有机硅物化参数与设计数据@9you ji gui wu hua can shu yu she ji shu ju@f廖洪流,章基凯,欧阳建松编
210    @a北京@c化学工业出版社@d2010.11
215    @a544页@c图@d14×21cm
330    @a本书共分两部分七章,第一部分介绍有机硅单体和聚合物的物理化学性能,以及其基本的一些反应特性和用途;第二部分介绍有机硅设计参数,主要涉及有机硅汽液平衡常数、热力学数据和临界安全数据等。
606 0  @a有机硅化合物@x物理化学性质@x参数
606 0  @a有机硅化合物@x物理化学性质@x数据
606 0  @a有机硅化合物
606 0  @a物理化学性质
606 0  @a参数
606 0  @a数据
690    @aO627.41@v4
701  0 @a廖洪流@9liao hong liu@4编
701  0 @a章基凯@9zhang ji kai@4编
701  0 @a欧阳建松@9ou yang jian song@4编
801  0 @aCN@bRENTIAN@c20101029
905    @b549590-92@dO627.41@e4@f3
    
    有机硅物化参数与设计数据/廖洪流,章基凯,欧阳建松编.-北京:化学工业出版社,2010.11
    544页:图;14×21cm
    
    
    ISBN 978-7-122-08643-3:CNY69.00
    本书共分两部分七章,第一部分介绍有机硅单体和聚合物的物理化学性能,以及其基本的一些反应特性和用途;第二部分介绍有机硅设计参数,主要涉及有机硅汽液平衡常数、热力学数据和临界安全数据等。
●
相关链接 在E读中查询图书 在五车中查询图书 在当当中查询图书 在豆瓣中查询图书


正题名:有机硅物化参数与设计数据     索取号:O627.41/4         预约/预借

序号 登录号 条形码 馆藏地/架位号 状态 备注
1 549590   205495908   第二样本阅览室/ [索取号:O627.41/4] 在馆    
2 549591   205495917   第三借阅区/ [索取号:O627.41/4] 在馆    
3 549592   205495926   密集书库-化学系/ [索取号:O627.41/4] 在馆    
唐山师范学院图书馆 欢迎您!
大连网信软件有限公司© 版权所有